Central Library OPAC University of Rajshahi

History of England / (Record no. 25179)

MARC details
000 -LEADER
fixed length control field 00840nam a2200253 a 4500
001 - CONTROL NUMBER
control field 25179
003 - CONTROL NUMBER IDENTIFIER
rucl marc code BD-RjUL
005 - DATE AND TIME OF LATEST TRANSACTION
control field 20211209050837.0
008 - FIXED-LENGTH DATA ELEMENTS--GENERAL INFORMATION
fixed length control field 140316r19721956enkabc b 001 0 eng
020 ## - INTERNATIONAL STANDARD BOOK NUMBER
International Standard Book Number 0582482496 (Impression 1972)
035 ## - SYSTEM CONTROL NUMBER
System control number (BD-RjUL)25248
040 ## - CATALOGING SOURCE
Original cataloging agency DLC
Transcribing agency DZM
Modifying agency SER
-- EQO
-- BD-RjUL
Language of cataloging eng
041 ## - LANGUAGE CODE
Language code of text/sound track or separate title eng
082 ## - DEWEY DECIMAL CLASSIFICATION NUMBER
Classification number 942
Author mark and year TRH
100 1# - MAIN ENTRY--PERSONAL NAME
Personal name Trevelyan, George Macaulay,
Dates associated with a name 1876-1962.
9 (RLIN) 55186
245 10 - TITLE STATEMENT
Title History of England /
Remainder of title
Statement of responsibility, etc. by G. M. Trevelyan
250 ## - EDITION STATEMENT
Edition statement 3rd ed., Illustratrd ed.
260 ## - PUBLICATION, DISTRIBUTION, ETC. (IMPRINT)
Place of publication, distribution, etc. London ;
-- New York :
Name of publisher, distributor, etc. Longmans, Green,
Date of publication, distribution, etc. 1956 [impression 1966, 1972]
300 ## - PHYSICAL DESCRIPTION
Pagination xvi, 758 p. :
Illustrations ill. ;
Size 23 cm.
500 ## - GENERAL NOTE
General note First ed. published in 1926 under title: History of England.
504 ## - BIBLIOGRAPHY, ETC. NOTE
Bibliography, etc Includes bibliographies and index.
651 #0 - SUBJECT ADDED ENTRY--GEOGRAPHIC NAME
Geographic name Great Britain
General subdivision History.
9 (RLIN) 77466
942 ## - ADDED ENTRY ELEMENTS (KOHA)
Source of classification or shelving scheme Dewey Decimal Classification
Koha item type Books
Holdings
Lost status Source of classification or shelving scheme Damaged status Not for loan Collection code Permanent Location Current Location Shelving location Date acquired Source of acquisition Cost, normal purchase price Total Checkouts Full call number Date last seen Date checked out Copy number Koha item type
  Dewey Decimal Classification     Non-fiction Central Library, University of Rajshahi Central Library, University of Rajshahi   10/02/1973 Britain 0.00 2 942 TRH 1972 29/03/2017 26/12/2016 C-10 Books
  Dewey Decimal Classification     Non-fiction Central Library, University of Rajshahi Central Library, University of Rajshahi   28/12/1968 Zeitlinger 45.00   942 TRH 1966 24/03/2014   C-4 Books
  Dewey Decimal Classification     Non-fiction Central Library, University of Rajshahi Central Library, University of Rajshahi   28/12/1968 Zeitlinger 45.00 1 942 TRH 1972 21/09/2016 27/08/2016 C-9 Books
  Dewey Decimal Classification     Non-fiction Central Library, University of Rajshahi Central Library, University of Rajshahi   10/02/1973 Britain     942 TRH 1972 17/09/2018   C-2 Books
  Dewey Decimal Classification     Non-fiction Central Library, University of Rajshahi Central Library, University of Rajshahi   28/12/1968 Zeitlinger 45.00   942 TRH 1972 17/09/2018   C-3 Books
  Dewey Decimal Classification     Non-fiction Central Library, University of Rajshahi Central Library, University of Rajshahi   06/02/1973 Britain     942 TRH 1972 17/09/2018   C-8 Books
  Dewey Decimal Classification   Not For Loan Non-fiction Central Library, University of Rajshahi Central Library, University of Rajshahi Reading Room 17/09/2018 Britain     942 TRH 1972 17/09/2018   C-1 Books
  Dewey Decimal Classification     Non-fiction Central Library, University of Rajshahi Central Library, University of Rajshahi   04/06/1969 Zeitlinger 45.00   942 TRH 1966 17/09/2018   C-5 Books
  Dewey Decimal Classification     Non-fiction Central Library, University of Rajshahi Central Library, University of Rajshahi   17/09/2018       942 TRH 1972 17/09/2018   C-6 Books
  Dewey Decimal Classification     Non-fiction Central Library, University of Rajshahi Central Library, University of Rajshahi   17/09/2018       942 TRH 1972 17/09/2018   C-7 Books